<?xml version="1.0" encoding="UTF-8"?>
<record
    xmlns:xsi="http://www.w3.org/2001/XMLSchema-instance"
    xsi:schemaLocation="http://www.loc.gov/MARC21/slim http://www.loc.gov/standards/marcxml/schema/MARC21slim.xsd"
    xmlns="http://www.loc.gov/MARC21/slim">

  <leader>00686nam a22002057a 4500</leader>
  <controlfield tag="005">20211217191239.0</controlfield>
  <controlfield tag="008">211125b           ||||| |||| 00| 0 eng d</controlfield>
  <datafield tag="020" ind1=" " ind2=" ">
    <subfield code="a">978-0-393-34777-7</subfield>
  </datafield>
  <datafield tag="040" ind1=" " ind2=" ">
    <subfield code="c">AIMIT LIBRARY</subfield>
  </datafield>
  <datafield tag="082" ind1=" " ind2=" ">
    <subfield code="2">1</subfield>
    <subfield code="a">519.5 </subfield>
    <subfield code="b">WHEC</subfield>
  </datafield>
  <datafield tag="100" ind1=" " ind2=" ">
    <subfield code="a">Wheelan, Charles.</subfield>
    <subfield code="e">Author</subfield>
    <subfield code="9">10840</subfield>
  </datafield>
  <datafield tag="245" ind1=" " ind2=" ">
    <subfield code="a">Naked statistics: Stripping the dread from the data /</subfield>
    <subfield code="c">by Charles Wheelan.</subfield>
    <subfield code="b"> </subfield>
  </datafield>
  <datafield tag="250" ind1=" " ind2=" ">
    <subfield code="a">1st. ed . -</subfield>
  </datafield>
  <datafield tag="260" ind1=" " ind2=" ">
    <subfield code="a">New York:</subfield>
    <subfield code="b">W W Norton &amp; Company,</subfield>
    <subfield code="c">2014</subfield>
  </datafield>
  <datafield tag="300" ind1=" " ind2=" ">
    <subfield code="a">xviii, 282p. ; 20.5 cm</subfield>
  </datafield>
  <datafield tag="650" ind1=" " ind2=" ">
    <subfield code="a">Basic probability</subfield>
    <subfield code="9">11788</subfield>
  </datafield>
  <datafield tag="650" ind1=" " ind2=" ">
    <subfield code="a">The importance of data</subfield>
    <subfield code="9">11789</subfield>
  </datafield>
  <datafield tag="650" ind1=" " ind2=" ">
    <subfield code="a">Common regression mistakes</subfield>
    <subfield code="9">11790</subfield>
  </datafield>
  <datafield tag="942" ind1=" " ind2=" ">
    <subfield code="2">ddc</subfield>
    <subfield code="c">BK</subfield>
    <subfield code="e">1st Edition</subfield>
    <subfield code="k">519.5 WHEC</subfield>
  </datafield>
  <datafield tag="999" ind1=" " ind2=" ">
    <subfield code="c">220771</subfield>
    <subfield code="d">220771</subfield>
  </datafield>
  <datafield tag="952" ind1=" " ind2=" ">
    <subfield code="0">0</subfield>
    <subfield code="1">0</subfield>
    <subfield code="2">ddc</subfield>
    <subfield code="4">0</subfield>
    <subfield code="7">0</subfield>
    <subfield code="8">MCA</subfield>
    <subfield code="a">AIMIT</subfield>
    <subfield code="b">AIMIT</subfield>
    <subfield code="d">2021-10-25</subfield>
    <subfield code="g">1348.00</subfield>
    <subfield code="i">3009/ 20-10-2021</subfield>
    <subfield code="l">0</subfield>
    <subfield code="o">519.5 WHEC</subfield>
    <subfield code="p">MCA16975</subfield>
    <subfield code="r">2025-07-21 00:00:00</subfield>
    <subfield code="v">1145.00</subfield>
    <subfield code="w">2021-11-25</subfield>
    <subfield code="y">BK</subfield>
  </datafield>
  <datafield tag="952" ind1=" " ind2=" ">
    <subfield code="0">0</subfield>
    <subfield code="1">0</subfield>
    <subfield code="2">ddc</subfield>
    <subfield code="4">0</subfield>
    <subfield code="7">0</subfield>
    <subfield code="8">MCA</subfield>
    <subfield code="a">AIMIT</subfield>
    <subfield code="b">AIMIT</subfield>
    <subfield code="d">2021-10-25</subfield>
    <subfield code="g">1348.00</subfield>
    <subfield code="i">3009/ 20/10/2021</subfield>
    <subfield code="l">0</subfield>
    <subfield code="o">519.5 WHEC</subfield>
    <subfield code="p">MCA16976</subfield>
    <subfield code="r">2025-07-21 00:00:00</subfield>
    <subfield code="v">1145.00</subfield>
    <subfield code="w">2021-11-25</subfield>
    <subfield code="y">BK</subfield>
  </datafield>
</record>
